States And Providences that are Border “Great Lakes” - Statistics

General Stats
  • This quiz has been taken 13 times
  • The average score is 9 of 10
Answer Stats
Hint Answer % Correct
Lake Michigan Illinois
100%
Lake Michigan,Lake Erie,Lake Superior,Lake Huron Michigan
100%
Lake Superior Minnesota
100%
Lake Michigan Indiana
92%
Lake Erie,Lake Ontario New York
92%
Lake Erie Ohio
92%
Lake Erie Pennsylvania
92%
Salt Lake Utah
92%
Lake Michigan,Lake Superior Wisconsin
92%
Lake Superior,Lake Huron,Lake Erie, Lake Ontario Ontario
83%
No matching quizzes found
Score Distribution
Percent of People with Each Score
Percentile by Number Answered
Your Score History
You have not taken this quiz